MDQL
is popping MORE tags! Check the
thread
!
Quizzes
Events
Quiz Creation
Community
Videos
Private Events
Remove Ads
Sign In
Join for FREE
Feedback
Dark Mode
Quiz Categories
Sports
Geography
Music
Movies
Television
Just For Fun
Miscellaneous
History
Literature
Language
Science
Gaming
Entertainment
Religion
Holiday
For Kids
Quiz Lab
Recent
Popular Today
Quiz Kudos Today
Editor Picks
Curator Picks
Quizzes by...
Day
Popularity
Type
Ratings
Length
Year
Community
Subscriptions
Recent Discussions
Orange Saloon
Badges
Playlists
Quests
Create
Leaderboards
Showdown
Live 5
Trivia Bingo
Activity
Puzzle Library
Sporcle Events
Private Events
Virtual Trivia
Globe League
Become a Host
Pub Owners
SporcleCon
Opinionation
Our Games
Videos
Blog
Mobile Apps
Partnerships
Remove Ads and Go Orange
Feedback
Movies
Disney
Marvel Cinematic Universe
Movie Resume
Movie Titles
Oscar
Actor
Actress
Director
Pixar
Role
Movie Quotes
Movie Characters
Box Office
Nominee
Best Picture
Star Wars
James Bond
Horror Movies
Movies
Disney
Marvel Cinematic Universe
Movie Resume
Movie Titles
Oscar
Actor
Actress
Director
Pixar
Role
Movie Quotes
Movie Characters
Box Office
Nominee
Best Picture
Star Wars
James Bond
Horror Movies
Random Quiz
Search Sporcle
×
Quiz Lab
Quiz Lab
Movies
Actor
Type in answers that appear in a list
Type in answers that appear in a list
Classic
Best Score? Go Orange.
Best Actor Nominees--1920s Stats
Can you name the Best Actor Oscar nominees of the 1920s?
By
NYCub
5m
18 Questions
127 Plays
127 Plays
127 Plays
Comments
Comments
Give Quiz Kudos
Give Quiz Kudos
-
- Ratings
hide this ad
More Info
Replay
Link that replays current quiz
Next Quiz
Link to next quiz in quiz playlist
You Got
0%
They Got
Avg Score
60%
Avg Friend Score
Upgrade to see
Score Distribution
Jump to the score distribution portion of the page
Score
0/18
Timer
05:00
0
Plays Today
Year
Actor
% Correct
1927-
1928
Emil Jannings*
82.7%
1927-
1928
Emil Jannings
82.7%
1927-
1928
Charles Chaplin
80.3%
1929-
1930
George Arliss*
78%
1929-
1930
George Arliss
78%
1928-
1929
Warner Baxter*
74.8%
1929-
1930
Wallace Beery
69.3%
1928-
1929
Paul Muni
59.8%
1929-
1930
Maurice Chevalier
55.9%
Year
Actor
% Correct
1929-
1930
Maurice Chevalier
55.9%
1929-
1930
Ronald Colman
53.5%
1929-
1930
Ronald Colman
53.5%
1927-
1928
Richard Barthelmess
48.8%
1927-
1928
Richard Barthelmess
48.8%
1929-
1930
Lawrence Tibbet
44.9%
1928-
1929
George Bancroft
42.5%
1928-
1929
Chester Morris
42.5%
1928-
1929
Lewis Stone
42.5%
Quiz Playlist
Details
Report
Send in Message
Add To Playlist
More Info:
*Winner
Classic:
Type in answers that appear in a list
Quiz Source
Last Updated: Feb 16, 2017
Quiz Scoreboard
CHALLENGE
Sign Up to Join the Scoreboard
Show All
Scores
Hide
Comments
May contain spoilers
Recently Published
1-10 Letter E Words III
by El_Dandy
Language
2m
Street Fighter Characters
by Artimus82
Gaming
60s
College Basketball Coaching Resumes
by pancakes188
Sports
9m
More to Explore
Quiz From the Vault
Featured Blog Post
Where Did the Easter Bunny Come From?
hide this ad
You Might Also Like...
Tags
Actor Quiz
Nominee Quiz
Oscar Quiz
1920
Today's Top Quizzes in Movies
Browse Movies
hide this ad
Today's Top Quizzes in Actor
Browse Actor
Top Contributed Quizzes in Movies
1
Pick 5 Posters: Directed by Spielberg
2
7-to-1: Pixar Characters
3
Hidden Star Wars Character II
4
Pick 5 Posters: Lowest-Rated Spielberg
5
Hidden Star Wars Character III
6
Sorting Actors
7
Sorting Actresses
8
Hidden Star Wars Character IV
9
Pick 5 Posters: Directed by Scorsese
10
Hidden Star Wars Character V
Explore More
Trending Topics
Crossword
Kpop
Marvel
Anime
Harry Potter
Disney
NBA
Song
Soccer
WWE
Pokémon
NFL
Country
Puzzle
The Office
hide this ad
More By:
NYCub
Quiz
Plays
Rating
Category
Featured
Created
6-Letter State Capitals
53,885
4.65
Geography
Sep 26, 2010
Centricity of LOST episodes
1,275
4.42
Television
Oct 13, 2009
Best Picture Nominees--1930s
402
5.00
Movies
Dec 6, 2009
Bon Jovi Songs
370
5.00
Music
Oct 13, 2009
Best Picture Nominees--1940s
160
5.00
Movies
Dec 6, 2009
Go to Creator's Profile
Score Distribution
Quiz Creator Spotlight
NYCub
Follow
Send a Message
Quizzes Created
-
Created Quiz Play Count
-
More By This Creator
Popular Quizzes Today
1
Find the US States - No Outlines Minefield
2
Find the Countries of Europe - No Outlines Minefield
3
The Countries of the World
4
Find the US States
5
Risky Map Clicking: Biggest States A-Z
6
US States
7
Popular People in 1961
8
Movies - When Are They Set?
More Movies Quizzes
Sequel, Trilogy or Stand Alone Movie?
Published
Trending Quizzes
Risky Map Clicking: Least Populous States A-Z
Billboard Blitz: Aretha Franklin
Famous Russians: Author or Composer?
1-10 Letter G Words
Countries of the World: 200 Million BC
Recently Updated
Leaping Animals
pecheneg
Reality TV Shows (A-Z)
bhenderson79
Rickey Henderson's Hall of Fame Teammates
pecheneg
Champions League XIs: Arsenal
pecheneg
Quick Pick: Celebrities in WWE's Hall of Fame
aduchscher
A-Z Keypad Blitz II
pecheneg
Multiple Oscar Actors
pecheneg
Mystery Phrase Blitz: Oscar 'Best Actors'
pecheneg
F. Scott Fitzgerald Novels
LTH
Pick 3 Villains
ddd62291
Trending Topics
Kpop
Harry Potter
Marvel
Anime
Disney
Crossword
NBA
WWE
Puzzle
NFL
Soccer
Country
The Office
Song
Pokémon
Your Account Isn't Verified!
In order to create a playlist on Sporcle, you need to verify the email address you used during registration. Go to your
Sporcle Settings
to finish the process.
Report this User
Report this user for behavior that violates our
Community Guidelines
.
Details:
Send Report
Go to the Sporcle.com Mobile Site →
Comments